Welcome to UE Central Library

Keep Smiling

The barber of seville and the marriage of figaro (Record no. 26039)

MARC details
000 -LEADER
fixed length control field 00587nam a22001937a 4500
005 - DATE AND TIME OF LATEST TRANSACTION
control field 20260414194715.0
008 - FIXED-LENGTH DATA ELEMENTS--GENERAL INFORMATION
fixed length control field 260414b |||||||| |||| 00| 0 eng d
020 ## - INTERNATIONAL STANDARD BOOK NUMBER
International Standard Book Number (pbk)
040 ## - CATALOGING SOURCE
Transcribing agency UE-CL
082 ## - DEWEY DECIMAL CLASSIFICATION NUMBER
Classification number 842.5
Item number W85012
100 ## - MAIN ENTRY--PERSONAL NAME
Personal name Wood, John
245 ## - TITLE STATEMENT
Title The barber of seville and the marriage of figaro
Statement of responsibility, etc / John Wood
260 ## - PUBLICATION, DISTRIBUTION, ETC. (IMPRINT)
Place of publication, distribution, etc England
Name of publisher, distributor, etc Penguin Books,
Date of publication, distribution, etc 1964
300 ## - PHYSICAL DESCRIPTION
Extent 222 p.
546 ## - LANGUAGE NOTE
Language note English
650 ## - SUBJECT ADDED ENTRY--TOPICAL TERM
Topical term or geographic name as entry element Barber--Seville--Marriage--Figaro
942 ## - ADDED ENTRY ELEMENTS (KOHA)
Koha item type Books
505 ## - FORMATTED CONTENTS NOTE
Formatted contents note The barber of seville <br/>The marriage of figaro<br/>notes on the characters and their costumes
Holdings
Withdrawn status Damaged status Not for loan Home library Current library Date acquired Full call number Barcode Date last seen Price effective from Koha item type
    Not For Loan UE-Central Library UE-Central Library 14.04.2026 842.5 W85012 T5878D 14.04.2026 14.04.2026 Books
Copyright © 2023, University of Education, Lahore. All Rights Reserved.
Email:centrallibrary@ue.edu.pk